[Event "Magnus Carlsen Inv - Preliminari"]
[Site "Internet"]
[Date "14.03.2021"]
[Round "6"]
[White "Giri, Anish"]
[Black "Anton Guijarro, David"]
[Result "1-0"]
[WhiteTitle "GM"]
[BlackTitle "GM"]
[WhiteElo "2776"]
[BlackElo "2673"]
[WhiteFideId "24116068"]
[BlackFideId "2285525"]
[EventDate "2021.03.13"]

1. e4 e5 2. Nf3 Nc6 3. Bb5 a6 4. Ba4 Nf6 5. O-O Nxe4 6. d4 b5 7. Bb3 d5 8. dxe5
Be6 9. c3 Be7 10. Nbd2 O-O 11. Bc2 f5 12. exf6 Nxf6 13. Re1 Bg4 14. h3 Bh5 15.
Nf1 Bc5 16. Ng3 Bxf3 17. gxf3 Qd6 18. Kg2 Rae8 19. Rxe8 Rxe8 20. Bg5 Ne5 21.
Bxf6 gxf6 22. f4 Ng6 23. Bxg6 hxg6 24. f5 d4 25. Qf3 Re5 26. fxg6 Qd5 27. h4 Kg7
28. h5 dxc3 29. bxc3 Bd6 30. Rh1 Kh6 31. Rh4 Qxf3+ 32. Kxf3 Rc5 33. Rg4 Bf8 34.
Rf4 Rxc3+ 35. Kg4 Kg7 36. Nf5+ Kg8 37. Re4 1-0

[Event "Magnus Carlsen Inv - Preliminari"]
[Site "Internet"]
[Date "14.03.2021"]
[Round "6"]
[White "Grandelius, Nils"]
[Black "Carlsen, Magnus"]
[Result "1/2-1/2"]
[WhiteTitle "GM"]
[BlackTitle "GM"]
[WhiteElo "2670"]
[BlackElo "2847"]
[WhiteFideId "1710400"]
[BlackFideId "1503014"]
[EventDate "2021.03.13"]

1. e4 c5 2. Nf3 Nc6 3. Bb5 Nf6 4. Bxc6 dxc6 5. d3 g6 6. Be3 Nd7 7. Nc3 e5 8. O-O
b6 9. Nd2 Nf6 10. Nc4 Ng4 11. Bd2 Be6 12. h3 Bxc4 13. dxc4 Nf6 14. Bg5 Qxd1 15.
Rfxd1 Nd7 16. Rd3 Be7 17. Rad1 Rd8 18. Bxe7 Kxe7 19. Kf1 Rhe8 20. Ke2 Nf8 21.
Rxd8 Rxd8 22. Rxd8 Kxd8 23. Nd1 Ne6 24. Ne3 Ke7 25. h4 h5 26. g3 Ng7 27. Nf1 Ne8
28. Nd2 Nd6 29. b3 Ke6 30. Ke3 f6 31. Nb1 g5 32. Nd2 gxh4 33. gxh4 f5 34. Kf3 b5
35. Ke3 bxc4 36. bxc4 fxe4 37. Nxe4 Nf5+ 38. Kd3 Nxh4 39. Ng3 Ng6 40. Nxh5 Kf5
41. Ke3 Nf8 42. f4 Nd7 43. Ng3+ Kg4 44. Ne2 exf4+ 45. Nxf4 Kf5 46. Nd3 a5 47.
Kd2 Ke4 48. Kc3 Ke3 49. Nc1 Nf6 50. a4 Ne4+ 51. Kb2 Kd4 52. Nb3+ Kxc4 53. Nxa5+
Kb4 54. Nxc6+ Kxa4 55. Ne5 Kb4 56. Nd3+ Kc4 57. Nxc5 Kxc5 58. c4 Kc6 59. c5 Nc3
60. Kxc3 Kxc5 1/2-1/2

[Event "Magnus Carlsen Inv - Preliminari"]
[Site "Internet"]
[Date "14.03.2021"]
[Round "6"]
[White "Nepomniachtchi, Ian"]
[Black "Vachier-Lagrave, Maxime"]
[Result "1-0"]
[WhiteTitle "GM"]
[BlackTitle "GM"]
[WhiteElo "2789"]
[BlackElo "2758"]
[WhiteFideId "4168119"]
[BlackFideId "623539"]
[EventDate "2021.03.13"]

1. b3 a5 2. e4 a4 3. Bb2 e6 4. bxa4 Nf6 5. e5 Nd5 6. Nf3 Nb6 7. Nc3 d5 8. exd6
Bxd6 9. Bd3 O-O 10. O-O N8d7 11. Re1 Nc5 12. Bf1 Bd7 13. Nb5 Ncxa4 14. Bd4 Bc6
15. Nxd6 cxd6 16. Rb1 e5 17. Ba1 Re8 18. c4 f6 19. d4 Nc8 20. c5 e4 21. d5 exf3
22. dxc6 Rxe1 23. Qd5+ Kh8 24. Rxe1 Ne7 25. Qf7 Nxc6 26. Bxf6 Qf8 27. Qxb7 gxf6
28. Qxc6 Nxc5 29. Qxf3 Nd7 30. Qd5 Ne5 31. f4 Ng6 32. g3 Ra7 33. Re6 Kg7 34.
Rxd6 Ne7 35. Qe6 Qf7 1-0

[Event "Magnus Carlsen Inv - Preliminari"]
[Site "Internet"]
[Date "14.03.2021"]
[Round "6"]
[White "Karjakin, Sergey"]
[Black "Van Foreest, Jorden"]
[Result "1-0"]
[WhiteTitle "GM"]
[BlackTitle "GM"]
[WhiteElo "2757"]
[BlackElo "2701"]
[WhiteFideId "14109603"]
[BlackFideId "1039784"]
[EventDate "2021.03.13"]

1. e4 e6 2. d4 d5 3. Nc3 Nf6 4. Bg5 h6 5. Bxf6 Qxf6 6. exd5 Bb4 7. dxe6 Bxe6 8.
a3 Ba5 9. Nf3 Nc6 10. Bb5 O-O-O 11. Bxc6 bxc6 12. O-O Bg4 13. Ne4 Bxf3 14. Qxf3
Qxf3 15. gxf3 Rxd4 16. Rfd1 Bb6 17. c3 Rxd1+ 18. Rxd1 Re8 19. Kf1 Re5 20. Ng3 g6
21. c4 Bc5 22. b4 Bf8 23. f4 Re8 24. f5 h5 25. fxg6 fxg6 26. Rd3 c5 27. b5 Bd6
28. f3 h4 29. Ne4 Bxh2 30. Kg2 Bf4 31. Kh3 g5 32. a4 c6 33. bxc6 Kc7 34. Rd7+
Kxc6 35. Rxa7 Rb8 36. Ra6+ Rb6 37. Ra5 Be3 38. Rb5 Rb7 39. Nf6 Rf7 40. a5 Rb7
41. a6 Ra7 42. Nd5 Rxa6 43. Nxe3 Ra3 44. Nd5 Rxf3+ 45. Kg4 Rg3+ 46. Kf5 Rg1 47.
Rb6+ Kd7 48. Rh6 Rg2 49. Nf6+ Kc7 50. Ke5 Rd2 51. Nd5+ Kb7 52. Rh7+ Kb8 53. Kd6
Rd3 54. Kc6 Rf3 55. Kb6 Kc8 56. Kxc5 h3 57. Kc6 Kb8 58. Nb6 Rf6+ 59. Kb5 Rf3 60.
c5 h2 61. Rxh2 1-0

[Event "Magnus Carlsen Inv - Preliminari"]
[Site "Internet"]
[Date "14.03.2021"]
[Round "6"]
[White "So, Wesley"]
[Black "Aronian, Levon"]
[Result "1-0"]
[WhiteTitle "GM"]
[BlackTitle "GM"]
[WhiteElo "2770"]
[BlackElo "2781"]
[WhiteFideId "5202213"]
[BlackFideId "13300474"]
[EventDate "2021.03.13"]

1. d4 Nf6 2. c4 e6 3. Nc3 Bb4 4. Qc2 O-O 5. Nf3 d5 6. Bg5 h6 7. Bh4 dxc4 8. e4
g5 9. Bg3 b5 10. e5 Nh5 11. Qe4 Qd5 12. Qg4 Ng7 13. Be2 f5 14. Qh3 g4 15. Qxh6
gxf3 16. Bxf3 Qxd4 17. O-O c6 18. Rad1 Qb6 19. Ne4 fxe4 20. Bxe4 Rf5 21. Bxf5
exf5 22. e6 Bf8 23. Be5 c5 24. Bxg7 Bxg7 25. e7 Bd7 26. Qh5 Qc6 27. Rfe1 Be8 28.
Rd8 Na6 29. Re6 Qd7 30. Rxa8 Nc7 31. Rd8 Nxe6 32. Rxe8+ Nf8 33. Rxf8+ 1-0

[Event "Magnus Carlsen Inv - Preliminari"]
[Site "Internet"]
[Date "14.03.2021"]
[Round "7"]
[White "Aronian, Levon"]
[Black "Giri, Anish"]
[Result "0-1"]
[WhiteTitle "GM"]
[BlackTitle "GM"]
[WhiteElo "2781"]
[BlackElo "2776"]
[WhiteFideId "13300474"]
[BlackFideId "24116068"]
[EventDate "2021.03.13"]

1. d4 Nf6 2. c4 g6 3. Nc3 d5 4. Nf3 Bg7 5. Qb3 dxc4 6. Qxc4 O-O 7. e4 Nc6 8. h3
e5 9. dxe5 Nd7 10. e6 fxe6 11. Be3 Nde5 12. Nxe5 Nxe5 13. Qa4 Bd7 14. Qc2 Qe7
15. Rd1 c5 16. f4 Qh4+ 17. Qf2 Qxf2+ 18. Kxf2 g5 19. g3 gxf4 20. gxf4 Bc6 21.
Kg3 Bh6 22. Rd6 Ng6 23. Rxe6 Bxf4+ 24. Bxf4 Nxf4 25. Re5 b6 26. Bc4+ Kh8 27. h4
Ng6 28. Rg5 Rae8 29. Rd1 Ne5 30. Be2 Re6 31. h5 Nf7 32. Rg4 Nd6 33. Bd3 b5 34.
Bc2 Rfe8 35. e5 Nf7 36. Bf5 Rxe5 37. Bd7 Re3+ 38. Kh2 Bxd7 39. Rxd7 Ne5 0-1

[Event "Magnus Carlsen Inv - Preliminari"]
[Site "Internet"]
[Date "14.03.2021"]
[Round "7"]
[White "Van Foreest, Jorden"]
[Black "Radjabov, Teimour"]
[Result "1/2-1/2"]
[WhiteTitle "GM"]
[BlackTitle "GM"]
[WhiteElo "2701"]
[BlackElo "2765"]
[WhiteFideId "1039784"]
[BlackFideId "13400924"]
[EventDate "2021.03.13"]

1. e4 e5 2. Nf3 Nc6 3. Bb5 Nf6 4. O-O d6 5. d4 exd4 6. Nxd4 Bd7 7. Nc3 Be7 8.
Re1 O-O 9. Bxc6 bxc6 10. h3 Re8 11. Bf4 Rb8 12. b3 c5 13. Nf3 Bc6 14. e5 Nh5 15.
Bh2 g6 16. Qd3 Ng7 17. Rad1 Ne6 18. Nd5 Bxd5 19. Qxd5 Rb6 20. exd6 cxd6 21. Nd2
Qa8 22. Nc4 Qxd5 23. Rxd5 Ra6 24. a4 Rd8 25. Red1 Nd4 26. Rd2 f5 27. a5 Kf7 28.
b4 Ke6 29. Ne3 g5 30. bxc5 dxc5 31. Re5+ Kf7 32. Nc4 f4 33. f3 Ne6 34. Rdd5 Bf6
35. Rxd8 Bxd8 36. h4 h6 37. hxg5 hxg5 38. g3 Bc7 39. Rf5+ Kg6 40. g4 Bxa5 41.
Kg2 Bc3 42. Bg1 Ra2 43. Ne5+ Bxe5 44. Rxe5 Rxc2+ 45. Kh3 Kf6 46. Bd4 Ke7 47. Rd5
cxd4 48. Rd7+ Kf6 49. Rf7+ Ke5 50. Rf5+ Kd6 51. Rd5+ Kc7 52. Rd7+ Kb6 53. Rb7+
Ka5 54. Rb5+ Ka4 55. Rb4+ Ka3 56. Rb3+ Kxb3 1/2-1/2

[Event "Magnus Carlsen Inv - Preliminari"]
[Site "Internet"]
[Date "14.03.2021"]
[Round "7"]
[White "Vachier-Lagrave, Maxime"]
[Black "Karjakin, Sergey"]
[Result "1/2-1/2"]
[WhiteTitle "GM"]
[BlackTitle "GM"]
[WhiteElo "2758"]
[BlackElo "2757"]
[WhiteFideId "623539"]
[BlackFideId "14109603"]
[EventDate "2021.03.13"]

1. d4 Nf6 2. Bf4 d5 3. e3 c5 4. c3 Nc6 5. Nd2 Qb6 6. Qb3 c4 7. Qc2 g6 8. Ne2 Bf5
9. Qc1 Bd3 10. Ng3 Bxf1 11. Kxf1 h5 12. h4 Bg7 13. b3 cxb3 14. axb3 O-O 15. Ne2
Rac8 16. Qb1 Rfe8 17. g3 e5 18. dxe5 Nxe5 19. Kg2 a6 20. Rc1 Ned7 21. b4 Ne5 22.
Bxe5 Rxe5 23. Qd3 Re7 24. Nf4 Rec7 25. Nf3 Rc4 26. Ra5 Qc7 27. Nxd5 Nxd5 28.
Rxd5 Rxc3 29. Rxc3 Qxc3 30. Qe4 Qc6 31. Ne1 Re8 32. Qf3 Bc3 33. Nd3 b6 34. Nf4
Be5 35. Nd3 Bc3 36. Nf4 Be5 37. Nd3 Bc3 1/2-1/2

[Event "Magnus Carlsen Inv - Preliminari"]
[Site "Internet"]
[Date "14.03.2021"]
[Round "7"]
[White "Carlsen, Magnus"]
[Black "Mamedyarov, Shakhriyar"]
[Result "1-0"]
[WhiteTitle "GM"]
[BlackTitle "GM"]
[WhiteElo "2847"]
[BlackElo "2770"]
[WhiteFideId "1503014"]
[BlackFideId "13401319"]
[EventDate "2021.03.13"]

1. e4 c5 2. Nf3 e6 3. d4 cxd4 4. Nxd4 Nf6 5. Nc3 Nc6 6. a3 Be7 7. f4 O-O 8. e5
Nd5 9. Nxd5 exd5 10. Nxc6 bxc6 11. Bd3 Bc5 12. Qf3 d6 13. Be3 Rb8 14. b4 Bxe3
15. Qxe3 a5 16. O-O axb4 17. axb4 dxe5 18. fxe5 Rxb4 19. Ra8 g6 20. e6 fxe6 21.
Rxf8+ Qxf8 22. g3 Rb1+ 23. Kg2 e5 24. g4 e4 25. Ba6 Bxa6 26. Rxf8+ Kxf8 27. Qa3+ 1-0

[Event "Magnus Carlsen Inv - Preliminari"]
[Site "Internet"]
[Date "14.03.2021"]
[Round "7"]
[White "Anton Guijarro, David"]
[Black "Grandelius, Nils"]
[Result "0-1"]
[WhiteTitle "GM"]
[BlackTitle "GM"]
[WhiteElo "2673"]
[BlackElo "2670"]
[WhiteFideId "2285525"]
[BlackFideId "1710400"]
[EventDate "2021.03.13"]

1. d4 Nf6 2. c4 g6 3. Nf3 Bg7 4. e3 O-O 5. Be2 d6 6. Nc3 Bf5 7. O-O Ne4 8. Nxe4
Bxe4 9. Nd2 Bf5 10. b4 e5 11. Nb3 exd4 12. exd4 c5 13. bxc5 dxc5 14. Ba3 Na6 15.
Bf3 Qc7 16. Nxc5 Nxc5 17. Bxc5 Rfd8 18. Bd5 Be6 19. Bxe6 fxe6 20. Qe2 e5 21. Ba3
exd4 22. Qd3 Rac8 23. Rac1 Qf7 24. g3 Rd7 25. Rc2 Rdc7 26. Rfc1 Bh6 27. f4 Bg7
28. Bd6 Rd7 29. c5 Qd5 30. Re1 b6 31. Qa6 Rdd8 32. Qc4 Rxd6 0-1

[Event "Magnus Carlsen Inv - Preliminari"]
[Site "Internet"]
[Date "14.03.2021"]
[Round "8"]
[White "Radjabov, Teimour"]
[Black "Vachier-Lagrave, Maxime"]
[Result "0-1"]
[WhiteTitle "GM"]
[BlackTitle "GM"]
[WhiteElo "2765"]
[BlackElo "2758"]
[WhiteFideId "13400924"]
[BlackFideId "623539"]
[EventDate "2021.03.13"]

1. Nf3 f5 2. c4 Nf6 3. b3 g6 4. Bb2 Bg7 5. g3 b6 6. Bg2 Bb7 7. O-O O-O 8. d4 a5
9. Nbd2 e6 10. Rc1 Na6 11. a3 Qe7 12. e3 d6 13. Qe2 c5 14. Rfd1 Rad8 15. Nb1 Ne4
16. Nc3 Nxc3 17. Bxc3 e5 18. dxe5 dxe5 19. Rxd8 Rxd8 20. Rd1 Rxd1+ 21. Qxd1 e4
22. Bxg7 exf3 23. Bxf3 Kxg7 24. Bxb7 Qxb7 25. Qd6 Qc7 26. Qd2 Nb8 27. b4 axb4
28. axb4 Nd7 29. b5 Nf6 0-1

[Event "Magnus Carlsen Inv - Preliminari"]
[Site "Internet"]
[Date "14.03.2021"]
[Round "10"]
[White "So, Wesley"]
[Black "Vachier-Lagrave, Maxime"]
[Result "1/2-1/2"]
[WhiteTitle "GM"]
[BlackTitle "GM"]
[WhiteElo "2770"]
[BlackElo "2758"]
[WhiteFideId "5202213"]
[BlackFideId "623539"]
[EventDate "2021.03.13"]

1. d4 d5 2. c4 c6 3. cxd5 cxd5 4. Nc3 Nf6 5. Nf3 Nc6 6. Bf4 Bf5 7. e3 e6 8. Qb3
Bb4 9. Bb5 O-O 10. Bxc6 Bxc3+ 11. Qxc3 Rc8 12. Ne5 bxc6 13. f3 c5 14. dxc5 Nh5
15. Bg3 f6 16. Nd3 Bxd3 17. Qxd3 Qa5+ 18. Qd2 Qxd2+ 19. Kxd2 Nxg3 20. hxg3 Rxc5
21. Rhc1 Rfc8 22. Rxc5 Rxc5 23. g4 Kf7 24. b4 Rc4 25. Rb1 Ke7 26. Rb3 Kd6 27.
Ra3 Rxb4 28. Rxa7 Rb2+ 29. Kd3 Rxg2 30. Rxg7 Rxa2 31. Rxh7 Ra3+ 32. Ke2 Ra2+ 33.
Kd3 Ra3+ 34. Ke2 Ra2+ 35. Kd3 1/2-1/2

[Event "Magnus Carlsen Inv - Preliminari"]
[Site "Internet"]
[Date "14.03.2021"]
[Round "10"]
[White "Aronian, Levon"]
[Black "Van Foreest, Jorden"]
[Result "1-0"]
[WhiteTitle "GM"]
[BlackTitle "GM"]
[WhiteElo "2781"]
[BlackElo "2701"]
[WhiteFideId "13300474"]
[BlackFideId "1039784"]
[EventDate "2021.03.13"]

1. e4 e5 2. Nf3 Nc6 3. Bc4 Bc5 4. c3 Nf6 5. d3 d6 6. O-O O-O 7. h3 a5 8. Re1 Be6
9. Bxe6 fxe6 10. Be3 Bxe3 11. Rxe3 d5 12. Nbd2 d4 13. cxd4 exd4 14. Re1 a4 15.
Rc1 Nb4 16. Nc4 Nxa2 17. Ra1 Nb4 18. Rxa4 Rxa4 19. Qxa4 Nxd3 20. Rd1 Nf4 21.
Nxd4 Nxe4 22. Nf3 Qf6 23. Nce5 Ng5 24. Qb3 Nxf3+ 25. Nxf3 Nxh3+ 26. gxh3 Qxf3
27. Qxe6+ Kh8 28. Rd2 h6 29. Re2 Rf5 30. Kh2 Qf4+ 31. Kg2 Rg5+ 32. Kf1 Qc1+ 33.
Re1 Qxb2 34. Qe8+ Kh7 35. Qe4+ Rg6 36. Qd3 Qf6 37. Rc1 c6 38. Rc4 Qa1+ 39. Ke2
Qb2+ 40. Kf1 Qb5 41. h4 h5 42. Ke2 Qe5+ 43. Kf1 c5 44. Ra4 Qd6 45. Qf3 Qd7 46.
Rc4 b6 47. Qxh5+ Rh6 48. Qf3 Rf6 49. Qh5+ Kg8 50. Rc3 Qf5 51. Qe2 Re6 52. Re3
Qd5 53. Kg1 Rg6+ 54. Rg3 Rxg3+ 55. fxg3 c4 56. h5 Kh7 57. Qg4 Qd3 58. h6 Kxh6
59. Qe6+ Kh7 60. Qh3+ Kg6 61. Qe6+ Kg5 62. Qe5+ Kh6 63. Qe6+ g6 64. Qe5 Qf5 65.
Qh8+ Kg5 66. Qh4# 1-0